| 000 | 00521nam a22001937a 4500 | ||
|---|---|---|---|
| 001 | BT-PhCST | ||
| 003 | BT-PhCST | ||
| 005 | 20190204172450.0 | ||
| 008 | 170405b xxu||||| |||| 00| 0 eng d | ||
| 020 | _a9781332145171 | ||
| 040 |
_aBT-PhCST _cBT-PhCST _dBT-PhCST |
||
| 050 | _a19692-19693 | ||
| 082 |
_222 _a352.7 |
||
| 100 | _aJulian, Julian E | ||
| 245 | _aAn introduction to town planning / | ||
| 260 |
_aLondon, _bCharles Griffin and Co. Ltd, _cc2015. |
||
| 300 |
_aill. ; _bvi, 149 p. ; _c25 cm. |
||
| 942 |
_2ddc _cAE |
||
| 999 |
_c6711 _d6711 |
||